[Event "Czech Open"]
[Site "Pardubice CZE"]
[Date "2001.07.26"]
[Round "7"]
[White "Maiorov,N"]
[Black "Paehtz,T"]
[Result "0-1"]
[WhiteElo "2326"]
[BlackElo "2451"]

1.d4 g6 2.c4 Bg7 3.Nf3 Nf6 4.g3 O-O 5.Bg2 d6 6.O-O Nc6 7.d5 Na5 8.Nfd2 c6
9.a3 cxd5 10.cxd5 e6 11.Nc3 Qc7 12.Nde4 Nxd5 13.Nxd5 exd5 14.Qxd5 Be6 15.Qd1 Nb3
16.Rb1 Nxc1 17.Rxc1 Qb6 18.b4 Bb2 19.Rb1 Be5 20.Qd2 Rac8 21.Rbd1 Bb3 22.Rfe1 d5
23.Nc5 Rfd8 24.Qe3 Bg7 25.Bh3 Rc7 26.Qd2 Bf8 27.Nd3 Qf6 28.Nb2 Re8 29.Rc1 Bg7
30.Na4 Rce7 31.e3 b5 32.Nc3 d4 33.exd4 Bh6 34.Rxe7 Bxd2 35.Rxe8+ Kg7 36.Rc2 Qxd4
37.Nd5 Qa1+  0-1

[Event "Open"]
[Site "Novosibirsk RUS"]
[Date "2001.07.28"]
[Round "10"]
[White "Bocharov,D"]
[Black "Isanbaev,R"]
[Result "1-0"]
[WhiteElo "2385"]
[BlackElo "2362"]

1.d4 Nf6 2.Nf3 g6 3.c4 Bg7 4.g3 O-O 5.Bg2 d6 6.O-O Nbd7 7.Nc3 e5 8.e4 exd4
9.Nxd4 Re8 10.h3 Nc5 11.Re1 Bd7 12.Bf4 h6 13.g4 h5 14.f3 a6 15.Qd2 Ne6 16.Be3 hxg4
17.hxg4 Nh7 18.Nb3 Qh4 19.Bf2 Qg5 20.Be3 Qh4 21.Nd5 Bc6 22.Bf2 Qh6 23.Be3 Qh4
24.Bf2 Qh6 25.Qxh6 Bxh6 26.c5 Bxd5 27.exd5 Nf4 28.cxd6 cxd6 29.Na5 b5 30.Nb7 Nf6
31.Bf1 Bf8 32.Rxe8 Rxe8 33.a4 Rb8 34.axb5 axb5 35.Ra7 b4 36.Bc4 Rc8 37.Na5 N6xd5
38.Bg3 Bh6 39.Kh1 Ne3 40.Bxf7+ Kh8 41.Nb3 Rc2 42.Re7 Nf1 43.Bxf4 Bxf4 44.Bxg6 Rxb2
45.Nd4 Be3 46.Rh7+ Kg8 47.Nf5 Bf4 48.Rg7+ Kf8 49.Rf7+ Ke8 50.Ng7+ Kd8 51.Ne6+ Kc8
52.Nxf4 b3 53.g5 Ne3 54.Bd3 Rc2 55.Bxc2  1-0

[Event "Czech Open"]
[Site "Pardubice CZE"]
[Date "2001.07.28"]
[Round "9"]
[White "Fridman,D"]
[Black "Kalinitschew,S"]
[Result "1-0"]
[WhiteElo "2562"]
[BlackElo "2483"]

1.d4 Nf6 2.Nf3 g6 3.c4 Bg7 4.g3 O-O 5.Bg2 d6 6.Nc3 Nbd7 7.O-O e5 8.e4 exd4
9.Nxd4 Re8 10.Re1 Nb6 11.b3 Ng4 12.Bb2 Ne5 13.Rb1 Nbd7 14.f4 Ng4 15.h3 Ngf6
16.Qd2 c6 17.Rbd1 Qb6 18.Na4 Qa6 19.Qc2 Qa5 20.Qd2 Qxd2 21.Rxd2 Nc5 22.Nxc5 dxc5
23.Nc2 a5 24.a4 h5 25.Ba3 Bf8 26.Kh2 Rb8 27.Bb2 Nh7 28.Bc3 Ra8 29.Ne3 Be7
30.Red1 f5 31.exf5 gxf5 32.Bf3 Nf6 33.Ng2 Ne4 34.Bxe4 fxe4 35.Ne3 Be6 36.f5 Bf7
37.f6 Bf8 38.Rd7 b5 39.g4 bxa4 40.bxa4 Rab8 41.gxh5 Bh6 42.Nf5 Bf4+ 43.Kh1  1-0

[Event "Keres Mem Open"]
[Site "Tallinn EST"]
[Date "2001.07.29"]
[Round "7"]
[White "Yewdokimov,O"]
[Black "Timoshin,J"]
[Result "1-0"]
[WhiteElo "2390"]
[BlackElo "2128"]

1.d4 Nf6 2.c4 g6 3.Nf3 Bg7 4.g3 O-O 5.Bg2 d6 6.O-O Nbd7 7.Nc3 e5 8.e4 exd4
9.Nxd4 Re8 10.h3 Nc5 11.Re1 a5 12.Qc2 c6 13.Bg5 h6 14.Be3 Nh7 15.f4 a4 16.b4 axb3
17.axb3 Rxa1 18.Rxa1 Qb6 19.Rb1 Nxe4 20.Na4 Qd8 21.Bxe4 Qe7 22.Re1 Bxh3 23.Nc3 f5
24.Nxc6 bxc6 25.Bxc6 Rc8 26.Bf2 Qf8 27.Bf3 Nf6 28.Nd5 Nxd5 29.Bxd5+ Kh7 30.b4 g5
31.Qe2 Bf6 32.b5 gxf4 33.gxf4 Qg7+ 34.Kh2 Bg4 35.Qe6 Rc7 36.b6 Re7 37.Qg8+  1-0

[Event "Open"]
[Site "Korinthos GRE"]
[Date "2001.07.30"]
[Round "3"]
[White "Bagaturov,G"]
[Black "Papadopoulou,V"]
[Result "1-0"]
[WhiteElo "2489"]
[BlackElo "2193"]

1.d4 Nf6 2.c4 g6 3.Nf3 Bg7 4.g3 O-O 5.Bg2 d6 6.Nc3 c5 7.d5 Na6 8.O-O Nc7
9.e4 b5 10.cxb5 Rb8 11.a4 a6 12.bxa6 Bxa6 13.Re1 Ng4 14.Qc2 Rb7 15.Bf4 Qb8
16.Rab1 Bc4 17.h3 Bb3 18.Qc1 Ne5 19.Nxe5 Bxe5 20.Bxe5 dxe5 21.Bf1 Rc8 22.Qg5 f6
23.Qd2 Rb4 24.Ra1 Qb7 25.Ra3 Ra8 26.Rea1 Kg7 27.Qe3 c4 28.Qd2 Rb6 29.Be2 Ne8
30.a5 Rb4 31.a6 Qa7 32.Na2 Bxa2 33.Qxb4  1-0

[Event "MTO"]
[Site "Biel SUI"]
[Date "2001.07.31"]
[Round "8"]
[White "Robert,A"]
[Black "Jenni,F"]
[Result "0-1"]
[WhiteElo "2262"]
[BlackElo "2461"]

1.d4 Nf6 2.Nf3 g6 3.c4 Bg7 4.g3 O-O 5.Bg2 d6 6.O-O a6 7.Nc3 Nc6 8.h3 Rb8
9.Be3 b5 10.Nd2 Bd7 11.Rc1 e6 12.d5 Ne7 13.b3 Nf5 14.Bg5 h6 15.Bxf6 Bxf6
16.c5 dxc5 17.Nce4 exd5 18.Nxf6+ Qxf6 19.Bxd5 Nxg3 20.fxg3 Qd4+ 21.Kh2 Qxd5
22.Nf3 Qe6 23.Ng1 c4 24.bxc4 b4 25.Qd4 f5 26.Qf4 g5 27.Qxc7 Rbc8 28.Qa5 Bc6
29.Rf2 Qe4 30.Nf3 g4 31.Ne5 f4 32.Nxc6 fxg3+ 33.Kxg3 Qe3+ 34.Kxg4 Rxf2 35.Qd5+ Rf7
36.Rc2 Rxc6  0-1

[Event "Open"]
[Site "Korinthos GRE"]
[Date "2001.08.01"]
[Round "5"]
[White "Bagaturov,G"]
[Black "Spasov,V"]
[Result "1/2-1/2"]
[WhiteElo "2489"]
[BlackElo "2569"]

1.d4 Nf6 2.c4 g6 3.Nf3 Bg7 4.g3 O-O 5.Bg2 d6 6.Nc3 Nbd7 7.O-O e5 8.e4 exd4
9.Nxd4 Re8 10.h3 Nc5 11.Re1 Bd7 12.Rb1 h6 13.b3 a6 14.Bb2 Rb8 15.Qd2 b5 16.cxb5 axb5
17.b4 Ne6 18.Nf3  1/2-1/2

[Event "Kochan Mem Open"]
[Site "Koszalin POL"]
[Date "2001.08.04"]
[Round "1"]
[White "Sokolowski,R"]
[Black "Kamieniecki,T"]
[Result "1-0"]
[WhiteElo "2265"]
[BlackElo "2085"]

1.Nf3 Nf6 2.g3 g6 3.d4 Bg7 4.Bg2 O-O 5.c4 d6 6.Nc3 Nbd7 7.O-O e5 8.e4 c6
9.h3 Re8 10.Be3 h6 11.Qc2 Qc7 12.Rab1 Nf8 13.Rfd1 g5 14.dxe5 dxe5 15.Bc5 N6d7
16.Bd6 Qd8 17.h4 Qf6 18.hxg5 hxg5 19.Nh2 Ne6 20.Ne2 Qg6 21.c5 g4 22.f3 gxf3
23.Nxf3 Bf6 24.Kf2 Qg7 25.Rh1 Ndf8 26.Rh5 Ng6 27.Rbh1 Nef8 28.Bh3 Bxh3 29.R5xh3 Be7
30.Bxe7 Nxe7 31.Rh5 Nfg6 32.Ke1 Rad8 33.Ng5 Rf8 34.Rf1 Rd7 35.Ng1 Nh8 36.N1f3 f6
37.Qb3+ Nf7 38.Rfh1 Rfd8 39.Rh8+  1-0

[Event "Slavonija"]
[Site "Vukovar CRO"]
[Date "2001.08.05"]
[Round "4"]
[White "Drasko,M"]
[Black "Zivkovic,Vj"]
[Result "1/2-1/2"]
[WhiteElo "2509"]
[BlackElo "2356"]

1.d4 Nf6 2.c4 d6 3.Nf3 g6 4.g3 Bg7 5.Bg2 O-O 6.O-O Nbd7 7.Qc2 e5 8.Rd1 Re8
9.e4 Qe7 10.Nc3 exd4 11.Nxd4 c6 12.b3 Ne5 13.f3 Nfd7 14.Nce2 Nc5 15.Rb1 a5
16.h3 h5 17.Bb2 h4 18.g4 g5 19.Bc3 Bd7 20.Be1 Ng6 21.Nf5 Bxf5 22.gxf5 Nf4
23.Nxf4 gxf4 24.Rd2 Be5 25.Bf1 Kh7 26.Rg2 Rg8 27.Rg4 Nd7 28.Kh1 Rxg4 29.hxg4 Bf6
30.Rd1 Ne5 31.Be2 a4 32.b4 Bg5 33.Bf2 Qc7 34.Qc3 Rd8 35.a3 Bf6 36.Qc2 Qe7
37.Bb6 Re8 38.Bg1 c5 39.b5 Bg5 40.Kh2 f6 41.Kh3 Nf7 42.Qxa4 Bh6 43.Qc2 Ng5+
44.Kh2 Ra8 45.a4 b6 46.Rd5 Qa7 47.Bd1 Qa5 48.Bf2 Nf7 49.Bxh4 Bg5 50.Bxg5 Nxg5
51.Kg2 Qe1 52.Qf2 Qxf2+ 53.Kxf2 Nf7 54.e5 dxe5 55.Rd7 Kg8 56.Rb7 Rd8 57.Ke2 e4
58.fxe4 f3+ 59.Kxf3 Rxd1 60.Rxb6 Ne5+ 61.Ke2 Rd4 62.Rxf6 Rxe4+ 63.Kd1 Rd4+
64.Ke2 Re4+ 65.Kf1 Rf4+ 66.Ke2 Re4+ 67.Kf1 Rf4+ 68.Kg2 Rxg4+ 69.Kh3 Rxc4
70.a5 Ra4 71.a6 Ra5 72.Rb6 c4 73.Rb7 c3 74.Rc7 Rxb5 75.a7 Ra5 76.Rc8+ Kf7
77.a8=Q Rxa8 78.Rxa8 c2 79.Rc8 Kf6 80.Rxc2 Kxf5  1/2-1/2

[Event "US Open"]
[Site "Framingham USA"]
[Date "2001.08.07"]
[Round "4"]
[White "Fedorowicz,J"]
[Black "Weeramantry,S"]
[Result "1-0"]
[WhiteElo "2525"]
[BlackElo "2191"]

1.d4 Nf6 2.c4 g6 3.Nf3 Bg7 4.g3 d6 5.Bg2 O-O 6.O-O Nc6 7.Nc3 Bg4 8.h3 Bxf3
9.Bxf3 Nd7 10.e3 e5 11.Rb1 exd4 12.exd4 Nxd4 13.Bxb7 Rb8 14.Bg2 Nc5 15.b4 Nce6
16.b5 a6 17.Bd2 h5 18.h4 axb5 19.cxb5 Nf5 20.Nd5 Be5 21.Rb4 c5 22.bxc6 Rxb4
23.Bxb4 Nxh4 24.gxh4 Qxh4 25.Re1 Rb8 26.Re4 Qh2+ 27.Kf1 Ng5 28.Re3  1-0

[Event "Pricenet Cup"]
[Site "Olomouc CZE"]
[Date "2001.08.07"]
[Round "8"]
[White "Tibensky,R"]
[Black "Bjornsson,S"]
[Result "1-0"]
[WhiteElo "2451"]
[BlackElo "2297"]

1.d4 Nf6 2.c4 g6 3.Nf3 Bg7 4.g3 O-O 5.Bg2 d6 6.O-O Nbd7 7.Nc3 e5 8.e4 exd4
9.Nxd4 Re8 10.h3 a6 11.Re1 Rb8 12.Rb1 Nc5 13.b4 Ne6 14.Nb3 Nd7 15.Nd5 Ne5
16.Ne3 Bd7 17.f4 Nc6 18.Nc2 b5 19.cxb5 axb5 20.Bb2 Bxb2 21.Rxb2 Ng7 22.Nbd4 Nxd4
23.Qxd4 Qc8 24.Kh2 Be6 25.Ne3 Ra8 26.f5 Bxa2 27.Ng4 Kh8 28.Nf6 Rf8 29.Qd2 Qd8
30.e5 dxe5  1-0

[Event "7th Stage Russian Cup"]
[Site "Togliatty RUS"]
[Date "2001.08.10"]
[Round "3"]
[White "Loginov,Va"]
[Black "Solovjev,N"]
[Result "1/2-1/2"]
[WhiteElo "2507"]
[BlackElo "2166"]

1.Nf3 Nf6 2.g3 g6 3.c4 Bg7 4.d4 O-O 5.Bg2 d6 6.O-O Nbd7 7.Qc2 e5 8.Rd1 Re8
9.dxe5 dxe5 10.e4 c6 11.h3 Qc7 12.Be3 Bf8 13.c5 b6 14.b4 bxc5 15.bxc5 Qa5
16.Nbd2 Ba6 17.Nb3 Qa4 18.Nfd2 Rab8 19.Rdc1 Rb4 20.a3 Rb7 21.Qc3 Reb8 22.Qa5 Qxa5
23.Nxa5 Rc7 24.Rab1 Rxb1 25.Nxb1 Ne8 26.h4 Ndf6 27.f3 Ng7 28.Bh3 Bc8 29.Bxc8 Rxc8
30.Nd2 Ne6 31.Ndc4 Nd7 32.Nd6 Rb8 33.Nxc6 Rb3 34.Nc4 Nexc5 35.N6a5 Rd3 36.Kf2 Nb3
37.Nxb3 Rxb3 38.Rd1 Rc3 39.Rxd7 Rxc4 40.Bxa7 Bxa3 41.g4 Rc2+ 42.Kf1 Bc5  1/2-1/2

[Event "TCh-Rep. Srpska"]
[Site "Jahorina BIH"]
[Date "2001.08.11"]
[Round "1"]
[White "Suvajac,M"]
[Black "Sibarevic,M"]
[Result "1-0"]
[WhiteElo "2221"]
[BlackElo "2328"]

1.d4 Nf6 2.Nf3 g6 3.c4 Bg7 4.g3 O-O 5.Bg2 d6 6.O-O Nbd7 7.Nc3 e5 8.h3 exd4
9.Nxd4 a6 10.e4 Ne5 11.b3 Rb8 12.Bb2 c5 13.Nc2 b5 14.f4 Ned7 15.cxb5 Ne8
16.bxa6 Bxa6 17.Re1 c4 18.Nd4 Bb7 19.Kh2 Nc5 20.Bf1 cxb3 21.axb3 Bxd4 22.Qxd4 Nxb3
23.Qf2 Nxa1 24.Bxa1 Bc6 25.Bc4 Qb6 26.Qd2 Qc5 27.Ba2 h5 28.f5 Kh7 29.Rf1 Ng7
30.Qg5 Rbe8 31.Bxf7  1-0

[Event "Kochan Mem Open"]
[Site "Koszalin POL"]
[Date "2001.08.11"]
[Round "7"]
[White "Sokolowski,R"]
[Black "Guliev,L"]
[Result "0-1"]
[WhiteElo "2265"]
[BlackElo "2371"]

1.Nf3 Nf6 2.g3 g6 3.d4 Bg7 4.Bg2 O-O 5.c4 d6 6.Nc3 Nbd7 7.O-O e5 8.h3 c6
9.e4 Qb6 10.Re1 exd4 11.Nxd4 Ne8 12.Nb3 a5 13.Be3 Qb4 14.a3 Qxc4 15.Nd4 f6
16.Bf1 Qf7 17.b3 Nc7 18.f4 Qe7 19.Bf2 Rd8 20.Ra2 Ne5 21.Rd2 Nf7 22.Na4 c5
23.Nb5 Nxb5 24.Bxb5 Rb8 25.Nb6 Qf8 26.h4 Be6 27.h5 Nh6 28.hxg6 hxg6 29.Nc4 Bg4
30.Qc2 b6 31.Ne3 Be6 32.Red1 Qe7 33.f5 Bf7 34.g4 Qe5 35.Be2 Bf8 36.Nd5 Re8
37.Bf3 Bxd5 38.Rxd5 Qf4 39.Qe2 Nxg4 40.fxg6 Ne5 41.Bh5 Rb7 42.Kh1 Rg7 43.Rg1 f5
44.exf5 Qxf5 45.Bg3 Qe6 46.Qd1 Nxg6 47.Bf3 Ne5  0-1

[Event "Faakersee Open"]
[Site "Latschach AUT"]
[Date "2001.08.11"]
[Round "1"]
[White "Horvath,P1"]
[Black "Stephan,J"]
[Result "1-0"]
[WhiteElo "2441"]
[BlackElo "2128"]

1.d4 Nf6 2.Nf3 g6 3.c4 Bg7 4.g3 O-O 5.Bg2 d6 6.Nc3 Nbd7 7.O-O c6 8.h3 Qc7
9.e4 e5 10.Be3 Re8 11.d5 c5 12.Ne1 Nh5 13.Nd3 Nb6 14.b3 Qe7 15.a4 a5 16.Nb5 f5
17.exf5 Bxf5 18.Ra2 Bxd3 19.Qxd3 Ra6 20.Re2 Rf8 21.Bd2 Na8 22.h4 Nc7 23.Bg5 Bf6
24.Bxf6 Rxf6 25.f4 Nxb5 26.axb5 Ra8 27.fxe5 Rxf1+ 28.Bxf1 dxe5 29.d6 Qd7
30.Qd5+ Qf7 31.Qxe5 Rf8 32.Bg2 Nf6 33.Rf2  1-0

[Event "7th Stage Russian Cup"]
[Site "Togliatty RUS"]
[Date "2001.08.11"]
[Round "4"]
[White "Yashtylov,A"]
[Black "Krassilnikov,E"]
[Result "1-0"]
[WhiteElo "2373"]
[BlackElo "2266"]

1.d4 Nf6 2.c4 g6 3.Nf3 Bg7 4.g3 O-O 5.Bg2 d6 6.O-O Nbd7 7.Nc3 e5 8.h3 c6
9.e4 a5 10.Be3 a4 11.Qc2 Qa5 12.Rad1 exd4 13.Nxd4 Qb4 14.b3 axb3 15.axb3 Re8
16.Rfe1 Nc5 17.Bf4 Bf8 18.Rb1 Nfd7 19.Ncb5 Na6 20.Nc3 Nac5 21.Bd2 Qb6 22.Be3 Qb4
23.Red1 Nf6 24.f3 Bd7 25.Qd2 Ne6 26.Na4 Qxd2 27.Rxd2 Ra6 28.Nb6 Nc5 29.Nxd7 Ncxd7
30.b4 Ra3 31.Nc2 Ra2 32.Kf2 Ne5 33.Bf1 Rea8 34.g4 Be7 35.g5 Ne8 36.f4 Nd7
37.Kf3 Nf8 38.h4 Bd8 39.Bd3 h5 40.gxh6 Bxh4 41.c5 Rd8 42.Rh1 Be7 43.Bc4 Raa8
44.h7+ Nxh7 45.Rdh2 Nef6 46.cxd6 Bf8 47.e5 Nh5 48.f5 Kg7 49.Rg2 b5 50.Bb3  1-0

[Event "TCh-Rep. Srpska"]
[Site "Jahorina BIH"]
[Date "2001.08.12"]
[Round "2"]
[White "Abramovic,B"]
[Black "Ilincic,Z"]
[Result "1-0"]
[WhiteElo "2502"]
[BlackElo "2546"]

1.d4 Nf6 2.c4 g6 3.Nf3 Bg7 4.g3 O-O 5.Bg2 d6 6.O-O Nbd7 7.Nc3 e5 8.e4 exd4
9.Nxd4 Re8 10.h3 a6 11.Re1 Rb8 12.a4 a5 13.Ndb5 Nc5 14.Rb1 h6 15.b3 Bd7 16.Ba3 b6
17.Qc2 h5 18.Rbd1 h4 19.g4 g5 20.e5 Rxe5 21.Rxe5 dxe5 22.Bxc5 bxc5 23.Bc6 Bxc6
24.Rxd8+ Rxd8 25.Nxc7 Bf3 26.Qf5 e4 27.N7d5 Nxd5 28.cxd5 Re8 29.d6 Re5 30.d7 Rxf5
31.d8=Q+ Kh7 32.gxf5 Bxc3 33.Qxg5 f6 34.Qxh4+ Kg7 35.Qg3+  1-0

[Event "7th Stage Russian Cup"]
[Site "Togliatty RUS"]
[Date "2001.08.13"]
[Round "6"]
[White "Yashtylov,A"]
[Black "Kokarev,D"]
[Result "0-1"]
[WhiteElo "2373"]
[BlackElo "2463"]

1.d4 Nf6 2.c4 g6 3.Nf3 Bg7 4.g3 O-O 5.Bg2 d6 6.O-O Nc6 7.Nc3 a6 8.h3 Rb8
9.Bg5 b5 10.cxb5 axb5 11.d5 Na7 12.b4 c5 13.a3 h6 14.Be3 Qb6 15.Rc1 Ba6 16.Nd2 Qc7
17.Nb3 c4 18.Nd4 Bc8 19.f4 e6 20.f5 exf5 21.a4 Bd7 22.a5 Nh5 23.Rf3 Rbe8
24.Qd2 Kh7 25.Rcf1 Re7 26.Kh1 Rfe8 27.Bf2 Nf6 28.Rf4 Kg8 29.Nc6 Nxc6 30.Nxb5 Qb7
31.Nxd6 Qxb4 32.Qxb4 Nxb4 33.Nxe8 Rxe8 34.Rxc4 Nbxd5 35.Rc5 Ne3 36.Bxe3 Rxe3
37.Rd1 Ra3 38.Bb7 Bf8 39.Rc7 Bb5 40.Rd8 Rxa5 41.Rcc8 Nh7 42.Rc2 Ra7 43.Bf3 Bd7
44.h4 h5 45.e4 fxe4 46.Bxe4 Nf6 47.Ra8 Rxa8 48.Bxa8 Kg7 49.Kg2 Be6 50.Bf3 Ng4
51.Rd2 Ne3+ 52.Kf2 Nf5 53.Be4 Bd6 54.Kf3 Be5 55.Bxf5 Bxf5 56.Rd5 Kf6 57.Ra5 Be6
58.Rb5 Kf5 59.Rb4 f6 60.Rb5 g5 61.hxg5 Kxg5 62.Ra5 Bb3 63.Rb5 Bd1+ 64.Kf2 Kf5
65.Rb4 Bg4 66.Ra4 Ke6 67.Ra5 Bc3 68.Rb5 Bd4+ 69.Kg2 Kd6 70.Ra5 f5 71.Ra8 Kd5
72.Re8 Kc4 73.Rc8+ Kd3 74.Rd8 Ke4 75.Re8+ Be5 76.Re7 Kd5 77.Re8 Bf6 78.Rf8 Ke6
79.Ra8 Kf7 80.Ra6 Kg6 81.Rd6 Kg5 82.Kf2 Be5 83.Rd8 h4 84.Rg8+ Kh5 85.gxh4 Kxh4
86.Kg2 f4 87.Rf8 Kg5 88.Rg8+ Kf5 89.Rf8+ Ke4 90.Re8 Bd7 91.Re7 Bc6 92.Re6 Bd5
93.Re8 Kd3+ 94.Kh3 Bd4 95.Rd8 Be4 96.Kg4 f3 97.Kg3 Ke3 98.Kh2 f2 99.Rf8 Be5+
100.Kh3 Bf4  0-1

[Event "TCh-Rep. Srpska"]
[Site "Jahorina BIH"]
[Date "2001.08.16"]
[Round "6"]
[White "Blagojevic,D"]
[Black "Runic,Z"]
[Result "1/2-1/2"]
[WhiteElo "2486"]
[BlackElo "2438"]

1.Nf3 Nf6 2.g3 g6 3.c4 Bg7 4.d4 O-O 5.Bg2 d6 6.O-O Nc6 7.Nc3 a6 8.b3 Rb8
9.e3 b5 10.Qe2 Na7 11.Bb2 c6 12.Rfd1 Qb6 13.Rac1 bxc4 14.Qxc4 a5 15.Qe2 Ba6
16.Qe1 Nd5 17.Na4 Qd8 18.Qd2 Bb5 19.Nc3 Nxc3 20.Bxc3 a4 21.b4 e6 22.Ne1 Nc8
23.Nc2 Nb6 24.Na3 d5 25.Bf1 Qd7 26.Bd3 Nc8 27.Qe2 Nd6 28.Be1 Rfc8 29.Rc2 Bf8
30.Rdc1 Qb7 31.Kf1 Bxd3 32.Qxd3 h5 33.Nb1 Nc4 34.a3 e5 35.Nd2 exd4 36.Nxc4 dxc4
37.Qxd4 c5 38.bxc5 Bxc5 39.Qxc4 Bxa3 40.Qxc8+ Rxc8 41.Rxc8+ Kh7 42.R1c7 Qh1+
43.Ke2 Qd5 44.Bc3 g5 45.f3 Qa2+ 46.Ke1 Qb1+ 47.Ke2 Qa2+ 48.Ke1 Qb1+ 49.Ke2 Qa2+  1/2-1/2

[Event "Rubinstein Open"]
[Site "Polanica Zdroj POL"]
[Date "2001.08.16"]
[Round "1"]
[White "Frackowiak,S"]
[Black "Babaev,Ra"]
[Result "0-1"]
[WhiteElo "2127"]
[BlackElo "2361"]

1.d4 Nf6 2.Nf3 g6 3.c4 Bg7 4.g3 O-O 5.Bg2 d6 6.O-O Nc6 7.Nc3 a6 8.b3 Rb8
9.a4 a5 10.e3 Bf5 11.Ba3 Nb4 12.Qd2 c6 13.Nh4 Bd7 14.Bxb4 axb4 15.Na2 c5
16.Rad1 Bg4 17.f3 Bd7 18.e4 Qc7 19.d5 Rbd8 20.Kh1 Bc8 21.f4 Ne8 22.f5 Bf6
23.Qh6 Bg7 24.Qe3 Nf6 25.Bh3 h6 26.g4 g5 27.Nf3 e6 28.Nxg5 hxg5 29.Qxg5 Nxe4
30.Qf4 exd5 31.cxd5 Qe7 32.Bg2 Rfe8 33.g5 Qe5 34.f6 Bh8 35.Qh4 Qxg5 36.Rg1 Qxh4
37.Bxe4+ Qg4 38.Bf3 Qxg1+ 39.Rxg1+ Kh7  0-1

[Event "7th Stage Russian Cup"]
[Site "Togliatty RUS"]
[Date "2001.08.16"]
[Round "9"]
[White "Torbin,K"]
[Black "Khamatgaleev,A"]
[Result "1/2-1/2"]
[WhiteElo "2323"]
[BlackElo "2412"]

1.d4 Nf6 2.Nf3 g6 3.c4 Bg7 4.g3 O-O 5.Bg2 d6 6.O-O c6 7.Nc3 Qa5 8.h3 Be6
9.Nd2 Qa6 10.d5 cxd5 11.cxd5 Bd7 12.Nb3 Rc8 13.Be3 Be8 14.Bd4 b5 15.Qd2 Nbd7
16.Nd1 Nb6 17.Na5 Nc4 18.Nxc4 Rxc4 19.Ne3 Rc7 20.Rfc1 Rac8 21.Rxc7 Rxc7 22.b4 Nd7
23.Bxg7 Kxg7 24.h4 f6 25.Be4 Qa3 26.Rd1 Ne5 27.Nc2 Qxa2 28.f4 Nc4 29.Qd4 Na3
30.Nxa3 Qxa3 31.Bd3 Bd7 32.Kf2 Rc3 33.h5 Bf5 34.Qe3 Rc7 35.Qd4 Bxd3 36.Rxd3 Qc1
37.hxg6 hxg6 38.Qe4 Qc4 39.Rd4 Qb3 40.Rd3 Qa4 41.Rc3 Rxc3 42.Qxe7+ Kg8 43.Qe8+ Kg7  1/2-1/2

[Event "TCh-Rep. Srpska"]
[Site "Jahorina BIH"]
[Date "2001.08.17"]
[Round "7"]
[White "Zegarac,B"]
[Black "Benderac,S"]
[Result "1-0"]
[WhiteElo "2269"]
[BlackElo "2365"]

1.d4 Nf6 2.c4 g6 3.Nf3 Bg7 4.g3 O-O 5.Bg2 d6 6.O-O a6 7.Nc3 Nc6 8.d5 Na5
9.Nd2 c5 10.Qc2 Rb8 11.a4 e6 12.b3 exd5 13.cxd5 b5 14.axb5 axb5 15.Bb2 Re8
16.e4 Ba6 17.Rfe1 Qb6 18.Ra2 Ng4 19.Nd1 Bd4 20.h3 Ne5 21.Ne3 b4 22.Bxd4 cxd4
23.Ng4 Rec8 24.Qd1 Nb7 25.Nf3 Nxg4 26.hxg4 d3 27.e5 dxe5 28.Nxe5 Nc5 29.Nc6 Rxc6
30.dxc6 Bb5 31.Qf3 Qc7 32.Qf6 Ne6 33.Bd5 Bxc6 34.Bxe6 Re8 35.Bxf7+ Qxf7 36.Qxf7+ Kxf7
37.Rxe8 Bxe8 38.Kf1 Bd7 39.f3 Bc6 40.Kf2 Bd5 41.Rb2 d2 42.Rxd2 Bxb3 43.Rd7+ Ke6
44.Rb7 Bd5 45.Rxb4  1-0

[Event "WJun Women"]
[Site "Athens GRE"]
[Date "2001.08.18"]
[Round "3"]
[White "Xu Yuanyuan"]
[Black "Papp,Ju"]
[Result "1-0"]
[WhiteElo "2431"]
[BlackElo "2121"]

1.d4 Nf6 2.c4 g6 3.g3 Bg7 4.Bg2 O-O 5.Nf3 d6 6.O-O Nc6 7.Nc3 Rb8 8.h3 a6
9.e4 e5 10.Be3 Nd7 11.Rc1 f5 12.exf5 gxf5 13.dxe5 Ndxe5 14.Ng5 Qe8 15.Nd5 Qd8
16.Nb6 h6 17.Bd5+ Kh8 18.Nxc8 Qxc8 19.f4 Nd7 20.Nf7+ Kh7 21.Be6 Qe8 22.Qh5 Rxf7
23.Qxf7 Qxf7 24.Bxf7 Bxb2 25.Rb1 Bd4 26.Rfe1 Bc3 27.Re2 Nc5 28.Bd5 Nb4 29.Bxc5 dxc5
30.Bg2 c6 31.Kh2 b5 32.a3 Nd3 33.Re3 Rd8 34.Bxc6 bxc4 35.Rb7+ Kg8 36.Ree7 Bd4
37.Bd5+  1-0

[Event "Open"]
[Site "Presov SVK"]
[Date "2001.08.18"]
[Round "8"]
[White "Volodin,V"]
[Black "Tsifanskaya,L"]
[Result "1/2-1/2"]
[WhiteElo "2311"]
[BlackElo "2207"]

1.Nf3 Nf6 2.c4 g6 3.d4 Bg7 4.g3 O-O 5.Bg2 d6 6.O-O Nc6 7.Nc3 a6 8.b3 Rb8
9.e3 b5 10.Qe2 Na7 11.Bb2 bxc4 12.Qxc4 Nb5 13.Rac1 Nxc3 14.Qxc3 Nd5 15.Qd2 Bb7
16.Ne1 a5 17.Bxd5 Bxd5 18.Qxa5 c5 19.Qxd8 Rfxd8 20.Nd3 Ra8 21.dxc5 Bxb2 22.Nxb2 Rxa2
23.Nc4 Bxc4 24.Rxc4 dxc5 25.Rxc5 Rb2  1/2-1/2

[Event "IV Pyramiden-Franken"]
[Site "Fuerth GER"]
[Date "2001.08.19"]
[Round "2"]
[White "Pitschka,K"]
[Black "Schmaltz,R"]
[Result "1/2-1/2"]
[WhiteElo "2220"]
[BlackElo "2528"]

1.d4 g6 2.Nf3 Bg7 3.c4 Nf6 4.g3 O-O 5.Bg2 d6 6.Nc3 Nbd7 7.O-O e5 8.e4 exd4
9.Nxd4 Re8 10.h3 Nc5 11.Re1 Bd7 12.b3 a5 13.Bb2 c6 14.Qc2 Qb6 15.Rad1 a4
16.Nxa4 Nxa4 17.bxa4 Qb4 18.Nb3 Be6 19.c5 Rxa4 20.Bc3 Qc4 21.Rc1 Qa6 22.cxd6 Rxa2
23.Qb1 Nd7 24.Bxg7 Kxg7 25.Rc2 Rxc2 26.Qxc2 Qa3 27.Nd4 Kg8 28.Rb1 Qxd6 29.Nxe6 Rxe6
30.Rxb7  1/2-1/2

[Event "Rubinstein Open"]
[Site "Polanica Zdroj POL"]
[Date "2001.08.19"]
[Round "4"]
[White "Malaniuk,V"]
[Black "Eidelson,R"]
[Result "1-0"]
[WhiteElo "2516"]
[BlackElo "2307"]

1.d4 Nf6 2.Nf3 g6 3.c4 Bg7 4.g3 O-O 5.Bg2 d6 6.O-O Nbd7 7.Qc2 e5 8.Rd1 Re8
9.e4 exd4 10.Nxd4 Nc5 11.Nc3 a5 12.Ndb5 Bd7 13.f3 Qc8 14.Be3 Be6 15.Re1 Na6
16.Rad1 Re7 17.Qd2 Qf8 18.Nd4 Bd7 19.Bg5 Ree8 20.b3 Nc5 21.Ndb5 Ne6 22.Be3 Red8
23.f4 Ng4 24.f5 Nxe3 25.Qxe3 Bxb5 26.fxe6 Bxc3 27.Qxc3 Bc6 28.Rf1 f6 29.Rxf6 Qg7
30.Rdf1 Rf8 31.e5 Bxg2 32.Kxg2 dxe5 33.Qxe5 Rxf6 34.Rxf6 Re8 35.h4 c6 36.c5 h6
37.h5 gxh5 38.Qxh5 Qxf6 39.Qxe8+ Kg7 40.Qd7+  1-0

[Event "WJun Women"]
[Site "Athens GRE"]
[Date "2001.08.20"]
[Round "5"]
[White "Xu Yuanyuan"]
[Black "Calotescu,C"]
[Result "1-0"]
[WhiteElo "2431"]
[BlackElo "2283"]

1.d4 Nf6 2.c4 g6 3.g3 Bg7 4.Bg2 O-O 5.Nf3 d6 6.Nc3 c5 7.d5 Na6 8.O-O Nc7
9.a4 a6 10.a5 Rb8 11.Na4 e6 12.dxe6 Nxe6 13.Nb6 Ne4 14.Qc2 f5 15.Nd2 Nd4
16.Qd3 Ng5 17.Nxc8 Qxc8 18.e3 Nc6 19.Qxd6 Ne5 20.f4 Ngf7 21.Qb6 Nd3 22.Qb3 Nxc1
23.Rfxc1 Nd6 24.e4 fxe4 25.Nxe4 Nxe4 26.Bxe4 Qc7 27.Rc2 b6 28.axb6 Rxb6 29.Qf3 Rfb8
30.Re1 Kh8 31.Rce2 Rxb2 32.Bc2 Bf6 33.Qd5 Kg7 34.f5 Rd8 35.Qf3 Qb7 36.Be4 Qb3
37.Rxb2 Qxb2 38.fxg6 hxg6 39.Qg4 Bd4+ 40.Kh1 Rd6 41.Rb1  1-0

[Event "9th Open"]
[Site "Nikea GRE"]
[Date "2001.08.20"]
[Round "3"]
[White "Efstathiou,D"]
[Black "Moutousis,K"]
[Result "0-1"]
[WhiteElo "2169"]
[BlackElo "2448"]

1.d4 Nf6 2.c4 g6 3.Nf3 Bg7 4.g3 O-O 5.Bg2 d6 6.O-O Nc6 7.Nc3 a6 8.h3 Rb8
9.Bg5 Bd7 10.Nd5 Ne8 11.Qd2 f6 12.Bh6 Bxh6 13.Qxh6 e6 14.Nc3 Ne7 15.e4 e5
16.dxe5 dxe5 17.Rad1 Rf7 18.Qe3 Nc6 19.Rd2 Ng7 20.Rfd1 Ne6 21.h4 Ncd4 22.Nxd4 exd4
23.Rxd4 Nxd4 24.Qxd4 Qf8 25.c5 Bc6 26.Bh3 Re8 27.Nd5 Qg7 28.Qc4 Kh8 29.a4 f5
30.exf5 gxf5 31.Nf4 Rfe7 32.Bg2 Bxg2 33.Kxg2 Qxb2 34.Qd5 Qe5 35.Qxb7 Qe4+
36.Qxe4 fxe4 37.Rd5 Re5 38.Rd7 Rxc5 39.Nd5 Rf8 40.Nxc7 Rc2 41.h5 Rcxf2+ 42.Kh3 R2f7  0-1

[Event "Open"]
[Site "Lisbon POR"]
[Date "2001.08.21"]
[Round "1"]
[White "Stohl,I"]
[Black "Gladyszev,O"]
[Result "1-0"]
[WhiteElo "2533"]
[BlackElo "2352"]

1.d4 Nf6 2.Nf3 g6 3.g3 Bg7 4.Bg2 O-O 5.c4 d6 6.O-O Nc6 7.Nc3 a6 8.Re1 Rb8
9.Rb1 b5 10.cxb5 axb5 11.b4 Bf5 12.e4 Bg4 13.h3 Bxf3 14.Bxf3 e5 15.d5 Nd4
16.Bg2 Nd7 17.Be3 Nb6 18.Bf1 f5 19.Nxb5 f4 20.Bxd4 exd4 21.g4 h5 22.Rb3 f3
23.Rxf3 Qh4 24.gxh5 Be5 25.Nxd4 Bxd4 26.Rxf8+ Rxf8 27.Qxd4 Nd7 28.Qe3 Ne5
29.Be2 Kh8 30.Rc1 Rf7 31.hxg6 Rg7 32.Kh2 Rxg6 33.f4 Nf7 34.Rxc7 Rf6 35.Qg3 Qxf4
36.Qxf4 Rxf4 37.b5 Rf2+ 38.Kg3 Rxe2 39.Rxf7 Rb2 40.a4 Rb4 41.a5  1-0

[Event "Rubinstein Open"]
[Site "Polanica Zdroj POL"]
[Date "2001.08.21"]
[Round "6"]
[White "Ostrowski,T"]
[Black "Luch,M"]
[Result "0-1"]
[WhiteElo "2058"]
[BlackElo "2115"]

1.d4 Nf6 2.Nf3 g6 3.g3 Bg7 4.Bg2 d6 5.c4 O-O 6.Nc3 Nbd7 7.Qc2 e5 8.d5 a5
9.h3 Nc5 10.Be3 Nfd7 11.g4 f5 12.gxf5 gxf5 13.Bg5 Qe8 14.O-O-O e4 15.Nd2 Ne5
16.Rdg1 c6 17.Be3 Na6 18.a3 Kh8 19.Na4 c5 20.Nb6 Rb8  0-1

[Event "WJun Women"]
[Site "Athens GRE"]
[Date "2001.08.24"]
[Round "8"]
[White "Calotescu,C"]
[Black "Cedikova,K"]
[Result "1/2-1/2"]
[WhiteElo "2283"]
[BlackElo "2142"]

1.Nf3 g6 2.c4 Bg7 3.d4 Nf6 4.g3 O-O 5.Bg2 d6 6.O-O Nc6 7.Nc3 e5 8.d5 Ne7
9.e4 Nd7 10.b4 h6 11.a4 f5 12.Ba3 Nf6 13.Nd2 f4 14.c5 g5 15.Nc4 g4 16.Re1 Ne8
17.Qb3 h5 18.b5 h4 19.b6 axb6 20.cxb6 hxg3 21.hxg3 f3 22.bxc7 Nxc7 23.Bf1 Rf6
24.Bc1 Bh6 25.Bb2 Bg5 26.Nb5  1/2-1/2